000 01368nam a22002775i 4500
001 164986
003 ES-MaACL
005 20250531063035.0
008 050811s1799 xxc | |||||||| ||fre d
040 _aCAM
_bspa
_cCAM
100 1 _aSchwan, Christian Friedrich,
_d1733-1815
_9104856
245 1 0 _aNouveau dictionnaire de la langue allemande et françoise
_b: contenant tous les mots usités, leur genre et leur définition ... /
_cpar Chrétien Frédéric Schwan ...; tome premier qui contient les Lettres A-K de l'Alphabet allemand expliqué par le françois.
260 _aA Louisbourg en Suabe :
_bchez Jean George Cotta imprimeur-libraire ;
_aet se trouve à Leipzig :
_bchez Theód. Seeger ;
_aet á Paris :
_bchez Fuchs ...,
_c1799.
300 _a[8], III-XXXII, 688 p. ;
_c4º.
597 _aSign.: )(\p4\s, *\p3\s, 2*-4*\p4\s, A-3Z\p4\s, 4A-4R\p4\s.
650 4 _aLengua alemana-
_xDiccionarios-
_xFrancés.
_9224113
650 4 _aLengua francesa-
_vDiccionarios-
_xAlemán.
_914206
700 1 _aCotta, Jean George,
_eed.
_9126614
700 1 _aSeeger, Théodor,
_eed.
_9132619
700 1 _aFuchs,
_eed.
_9127161
752 _aCanada -
_dLouisbourg
752 _aAlemania -
_dLeipzig
752 _aFrancia -
_dParís
852 _aES-MaACL
_jR-236-7
_z-- Enc. piel con hierros grab.
_d--
_x Olim: B-5415-6
999 _c164986
_d164986